Call of the Night, Band 02 (Titelsatznr. 1358)

[ MARC ]
MARC-Details
000 -LEADER
fixed length control field 01820cam a2200481 c 4500
001 - CONTROL NUMBER
control field 1931822042
003 - CONTROL NUMBER IDENTIFIER
control field DE-627
005 - DATE AND TIME OF LATEST TRANSACTION
control field 20250930111832.0
007 - PHYSICAL DESCRIPTION FIXED FIELD--GENERAL INFORMATION
fixed length control field cr uuu---uuuuu
008 - FIXED-LENGTH DATA ELEMENTS--GENERAL INFORMATION
fixed length control field 250725s2022 xx |||||o 00| ||ger c
020 ## - INTERNATIONAL STANDARD BOOK NUMBER
International Standard Book Number 9783842085527
Terms of availability EPUB
024 7# - OTHER STANDARD IDENTIFIER
Standard number or code urn:nbn:de:gbv:18-epflicht-6098
Source of number or code urn
035 ## - SYSTEM CONTROL NUMBER
System control number (DE-627)1931822042
035 ## - SYSTEM CONTROL NUMBER
System control number (DE-599)KEP11729148X
035 ## - SYSTEM CONTROL NUMBER
System control number (EPFHH)49a97a66-4eb6-4dd6-85f0-1571dbf7ffc5
035 ## - SYSTEM CONTROL NUMBER
System control number (EPFHH-TOKYOPOP)1040090134_9783842085527
035 ## - SYSTEM CONTROL NUMBER
System control number (DE-627-1)11729148X
040 ## - CATALOGING SOURCE
Original cataloging agency DE-627
Language of cataloging ger
Transcribing agency DE-627
Description conventions rda
041 ## - LANGUAGE CODE
Language code of text/sound track or separate title ger
072 #7 - SUBJECT CATEGORY CODE
Subject category code 9182
Source wsb
082 04 - DEWEY DECIMAL CLASSIFICATION NUMBER
Classification number 741.5
Assigning agency DE-576
245 00 - TITLE STATEMENT
Title Call of the Night, Band 02
Statement of responsibility, etc. Kotoyama
264 #1 - PRODUCTION, PUBLICATION, DISTRIBUTION, MANUFACTURE, AND COPYRIGHT NOTICE
Place of production, publication, distribution, manufacture Hamburg
Name of producer, publisher, distributor, manufacturer TOKYOPOP Verlag
Date of production, publication, distribution, manufacture, or copyright notice 2022
300 ## - PHYSICAL DESCRIPTION
Extent 1 Online-Ressource (192 S.)
336 ## - CONTENT TYPE
Content type term Text
Content type code txt
Source rdacontent
337 ## - MEDIA TYPE
Media type term Computermedien
Media type code c
Source rdamedia
338 ## - CARRIER TYPE
Carrier type term Online-Ressource
Carrier type code cr
Source rdacarrier
490 0# - SERIES STATEMENT
Series statement Call of the Night
Volume/sequential designation 2
520 ## - SUMMARY, ETC.
Summary, etc. Nach dem Kuss mit Nazuna ist Kou verwirrt und kommt nach einigem Nachdenken zu dem Schluss, dass er bereits in sie verliebt sein muss. Wird er sich nun endlich in einen Vampir verwandeln? Unterdessen nähert sich Akira den beiden an und kommt hinter Nazunas Geheimnis.
583 1# - ACTION NOTE
Action Archivierung/Langzeitarchivierung gewährleistet
Authorization PEHH
Action agent DE-576
Source of term pdager
Institution to which field applies DE-18
650 #4 - SUBJECT ADDED ENTRY--TOPICAL TERM
Topical term or geographic name entry element Mystery
650 #4 - SUBJECT ADDED ENTRY--TOPICAL TERM
Topical term or geographic name entry element Romance
650 #4 - SUBJECT ADDED ENTRY--TOPICAL TERM
Topical term or geographic name entry element Slice of Life
650 #4 - SUBJECT ADDED ENTRY--TOPICAL TERM
Topical term or geographic name entry element Supernatural
650 #4 - SUBJECT ADDED ENTRY--TOPICAL TERM
Topical term or geographic name entry element Vampire
951 ## - EQUIVALENCE OR CROSS-REFERENCE--GEOGRAPHIC NAME/AREA NAME [OBSOLETE] [CAN/MARC only]
Geographic name BO
700 0# - ADDED ENTRY--PERSONAL NAME
Personal name Kotoyama
Relator term VerfasserIn
Relationship aut
776 1# - ADDITIONAL PHYSICAL FORM ENTRY
International Standard Book Number 9783842079328
776 1# - ADDITIONAL PHYSICAL FORM ENTRY
International Standard Book Number 9783842079328
776 08 - ADDITIONAL PHYSICAL FORM ENTRY
Relationship information Erscheint auch als
Note Druck-Ausgabe
International Standard Book Number 9783842079328
856 40 - ELECTRONIC LOCATION AND ACCESS
Uniform Resource Identifier <a href="https://nbn-resolving.org/urn:nbn:de:gbv:18-epflicht-6098">https://nbn-resolving.org/urn:nbn:de:gbv:18-epflicht-6098</a>
Contact for access assistance X:EPF
Electronic format type application/epub+zip
Public note lizenzpflichtig
942 ## - ADDED ENTRY ELEMENTS (KOHA)
Source of classification or shelving scheme Dewey Decimal Classification
Koha item type Manga
Suppress in OPAC No
Exemplare
Withdrawn status Lost status Source of classification or shelving scheme Damaged status Not for loan Home library Current library Shelving location Date acquired Total checkouts Barcode Date due Date last seen Date last checked out Price effective from Koha item type
    Dewey Decimal Classification     Bunte Manga Potsdam Bunte Manga Potsdam Mystery 09/30/2025 2 1340 05/23/2026 04/17/2026 04/17/2026 09/30/2025 Manga

Powered by Koha